004770000a2200157000450024500420000030000140004250000370005665000300009365000260012365000240014904100130017304400190018610000200020526000470022577300470027210aCorporate culture and economic theory ap. 90-143 a14aTeoría de la economía14aEconomía política14aAspectos culturales0 aInglés aEstados Unidos1 akreps, David M. aNew YorkbCambridge University Pressc19901 tPerspectives on positive political economy